Statistics for US Cabinet Members

Click here to take the quiz!

General Stats

  • This quiz has been taken 178 times
    (93 since last reset)
  • The average score is 8 of 15

Answer Stats

DepartmentSecretary% Correct
StateMike Pompeo
93%
Attorney GeneralWilliam Barr
90%
EducationBetsy DeVos
88%
Housing and Urban DevelopmentBen Carson
80%
TreasurySteve Mnuchin
78%
TransportationElaine Chao
59%
EnergyRick Perry
56%
CommerceWilbur Ross
51%
Health and Human ServicesAlex Azar
49%
AgricultureSonny Perdue
46%
LaborAlex Acosta
37%
InteriorDavid Bernhardt
15%
DefensePatrick M. Shanahan
12%
Veteran's AffairsRobert Wilkie
12%
Homeland SecurityKevin McAleenan
7%

Score Distribution

Percentile by Number Answered

Percent of People with Each Score

Your Score History

You have not taken this quiz since the last reset